| 000 | 00785nac a22002297a 4500 | ||
|---|---|---|---|
| 001 | BR7326156 | ||
| 003 | BR-BrBNA | ||
| 005 | 20240105113716.0 | ||
| 008 | 230509b bl.|||m| |||| 00| 0 por d | ||
| 040 |
_aBR-BrBNA _bpor _cBiblioteca Nacional de Agricultura |
||
| 072 | _aD50; L10 | ||
| 090 | _a5212 BR7326156 | ||
| 110 | 1 |
_aMinisterio das Relacoes Exteriores, Rio de Janeiro, GB (Brasil) _97099 |
|
| 245 | 1 | _aConvencao internacional para unificacao do registro genealogico bovino e protocolo de assinatura | |
| 260 | 3 |
_aRio de Janeiro, GB (Brasil): _c1940. |
|
| 300 | _a26 p. | ||
| 490 |
_aColecao de Atos Internacionais (Brazil) _vno. 152 _x |
||
| 650 | _aBOVINO | ||
| 650 | _aREGISTRO GENEALOGICO | ||
| 909 |
_a202312 _bLúcia Elande _c55 _dLúcia Elande |
||
| 942 |
_2AGRIS _n0 _cMS |
||
| 999 |
_c265101 _d265101 |
||